|
|
|
|
| LEADER |
00000nab a2200000 a 4500 |
| 001 |
vtls008768394 |
| 003 |
SK-MaSNL |
| 005 |
20260303061841.0 |
| 008 |
160127c2001 xo r p 000 00slo |
| 015 |
|
|
|a SNBRA2006/05SVKPO
|
| 038 |
|
|
|a SVKPO
|
| 040 |
|
|
|a SVKPOCL
|c slo
|e AACR2
|
| 041 |
0 |
|
|a slo
|
| 044 |
|
|
|a xo
|c SK
|
| 080 |
|
|
|a 94(437)
|2 2001
|
| 080 |
|
|
|a 342.5
|2 2001
|
| 080 |
|
|
|a 321.01
|2 2001
|
| 100 |
1 |
|
|a Hudeček, Theodor,
|d 1943-2012
|4 aut
|9 212884
|
| 245 |
1 |
0 |
|a K niektorým špecifickým črtám fungovania politického systému v medzivojnovej ČSR
|c Theodor Hudeček
|
| 504 |
|
|
|a Bibliogr. odkazy
|
| 650 |
0 |
7 |
|a politický systém
|z Česko-Slovensko
|y 1918-1938
|2 svkpocl
|9 761279
|
| 651 |
|
7 |
|a Československo
|x systém politický
|y 1918-1938
|2 svkpocl
|9 1056686
|
| 773 |
0 |
|
|t Ročenka Katedry dejín FHPV PU
|d Prešov : ManaCon, 2001
|g S. 162-168
|z 8089040101
|
| 852 |
|
|
|a SVKPO
|b KIS3GCP
|
| 999 |
|
|
|c 1737016
|d 1738946
|